| 000 -LEADER |
| fixed length control field |
00796nam a22001217a 4500 |
| 040 ## - CATALOGING SOURCE |
| Transcribing agency |
RUA |
| 100 ## - MAIN ENTRY--AUTHOR NAME |
| Personal name |
SUM SAMEAS. ស៊ុម សាមាស |
| 245 ## - TITLE STATEMENT |
| Title |
ANTIMICROBIAL RESISTANCE PROFILE OF ENTERCOCCUS DOGS AT VETERINARY TEACHING HOSPITAL OF FACULTY OF VETERINARY MEDICINE AT RPYAL UNIVERSITY OF AGRICULTURE. សុាំនឹងឪសថអង់ទីប៊ីយ៉ូទិកលើសុនខនៅមន្ទីរពេទ្យនៃមហាវិទ្យាល៏យវេជ្ជសាស្ត្រសត្វសាលកវិទ្យាល័យភូមិន្ទកសិកម្ម |
| 260 ## - PUBLICATION, DISTRIBUTION, ETC. (IMPRINT) |
| Place of publication |
Phnom Penh |
| Name of publisher |
RUA |
| Year of publication |
2020 |
| 300 ## - PHYSICAL DESCRIPTION |
| Number of Pages |
IX.37P |
| Other physical details |
VII. |
| Dimensions |
29CM |
| 856 ## - ELECTRONIC LOCATION AND ACCESS |
| Uniform Resource Identifier |
https://drive.google.com/file/d/19kCBs3PgszoNWwMn_eOr8nX8k6lyDQgo/view?usp=sharing |
| 942 ## - ADDED ENTRY ELEMENTS (KOHA) |
| Koha item type |
VEM |
| 952 ## - LOCATION AND ITEM INFORMATION (KOHA) |
| Withdrawn status [LOCAL, KOHA] |
0 |
| 952 ## - LOCATION AND ITEM INFORMATION (KOHA) |
| Withdrawn status [LOCAL, KOHA] |
0 |
| 952 ## - LOCATION AND ITEM INFORMATION (KOHA) |
| Withdrawn status [LOCAL, KOHA] |
0 |
| 952 ## - LOCATION AND ITEM INFORMATION (KOHA) |
| Withdrawn status [LOCAL, KOHA] |
0 |
| 952 ## - LOCATION AND ITEM INFORMATION (KOHA) |
| Withdrawn status [LOCAL, KOHA] |
0 |